Villes de Bretagne par zoom sur Maps - Statistiques

Statistiques générales
  • Ce quiz a été pris 127 fois
  • Le résultat moyen est 16 sur 36
Statistiques - réponses
ZOOM Ville % Correct
1 ZOOM 29 Brest
97%
1 ZOOM 35 Rennes
97%
1 ZOOM 56 Lorient
93%
1 ZOOM 29 Quimper
93%
2 ZOOM 56 Vannes
88%
1 ZOOM 35 Saint-Malo
82%
2 ZOOM 22 Saint-Brieuc
75%
2 ZOOM 22 Lannion
63%
4 ZOOM 22 Dinan
62%
2 ZOOM 29 Morlaix
62%
2 ZOOM 29 Concarneau
60%
4 ZOOM 35 Fougères
58%
4 ZOOM 56 Pontivy
54%
4 ZOOM 22 Guingamp
50%
4 ZOOM 29 Quimperlé
49%
2 ZOOM 29 Landerneau
48%
4 ZOOM 35 Redon
48%
4 ZOOM 35 Vitré
48%
4 ZOOM 56 Auray
38%
4 ZOOM 29 Carhaix-Plouguer
38%
3 ZOOM 29 Douarnenez
37%
4 ZOOM 22 Loudéac
35%
4 ZOOM 29 Crozon
32%
4 ZOOM 35 Bruz
29%
4 ZOOM 56 Quiberon
29%
4 ZOOM 22 Lamballe-Armor
28%
4 ZOOM 56 Ploërmel
28%
4 ZOOM 22 Paimpol
25%
4 ZOOM 22 Perros-Guirec
23%
4 ZOOM 29 Roscoff
22%
4 ZOOM 29 Saint-Pol-de-Léon
15%
4 ZOOM 29 Lesneven
9%
4 ZOOM 29 Plouguerneau
9%
4 ZOOM 29 Rosporden
8%
4 ZOOM 29 Penmarc'h
7%
4 ZOOM 29 Ploudalmézeau
7%
Aucun quiz correspondant
Distribution des résultats
% des personnes avec chaque résultat
Percentile par nombre de réponses
Votre historique - résultats
Vous n’avez pas pris ce quiz